000 00718nam a22002057a 4500
005 20170918110605.0
010 _aENG-120341
020 _a9788123019222(vol-58)
_c100.00
035 _aEN-103873
037 _bDBAD/PUB
082 _a301.153
100 _aGandhi, Mahatma
245 _aThe collected works of Mahatma Gandhi /
_bby Mahatma Gandhi
260 _aDelhi
_bPublication Divison
_c2014 Jan.-(rep.)
270 _a Ministryof Information and Broadcasting Govt of India Soochna Bhawan,CGO Complex,Lodhi Road
_bNew Delhi
_e110001
300 _avol-58 (xxvii,496p.)
_c24cm(Hb)
500 _aIncludes index
505 _avol-58-May 18-September 15, 1934
942 _2ddc
_cEN
_h301.153
_mGAN
999 _c144671
_d144671